| Tag |
First Indicator |
Second Indicator |
Subfields |
| LEADER |
00000cam a2200000 4500 |
| 001 |
in00000077462 |
| 005 |
20151008052745.0 |
| 008 |
780831s1938 nyuab b 00010 engm |
| 010 |
|
|
|a 38032570
|
| 035 |
|
|
|a (OCoLC)04184320
|
| 035 |
|
|
|9 AAH4757AM
|
| 040 |
|
|
|a DLC
|c ABC
|d ABC
|d TXA
|d UtOrBLW
|
| 049 |
|
|
|a TXAM
|c 1 [87828]
|
| 050 |
0 |
0 |
|a HD8072
|b .T35
|
| 082 |
0 |
|
|a 331.0973
|
| 092 |
|
|
|a 331.0973
|b T238
|
| 100 |
1 |
|
|a Taylor, Albion Guilford,
|d 1886-1983.
|
| 245 |
1 |
0 |
|a Labor problems and labor law /
|c by Albion Guilford Taylor.
|
| 264 |
|
1 |
|a New York :
|b Prentice-Hall, inc.,
|c [1938]
|
| 264 |
|
4 |
|c [©1938]
|
| 300 |
|
|
|a xiii, 663 pages :
|b illustrations (maps) diagrams ;
|c 24 cm.
|
| 336 |
|
|
|a text
|b txt
|2 rdacontent
|
| 337 |
|
|
|a unmediated
|b n
|2 rdamedia
|
| 338 |
|
|
|a volume
|b nc
|2 rdacarrier
|
| 490 |
1 |
|
|a [Prentice-Hall economics series]
|
| 504 |
|
|
|a "Collateral readings" at end of each chapter.
|
| 650 |
|
0 |
|a Working class
|z United States
|y 1914-
|
| 650 |
|
0 |
|a Labor laws and legislation
|z United States.
|
| 650 |
|
0 |
|a Labor movement
|z United States
|y 1914-
|
| 650 |
|
0 |
|a Labor
|z United States
|y 1914-
|
| 830 |
|
0 |
|a Prentice-Hall economics series.
|
| 999 |
|
|
|a MARS
|
| 999 |
f |
f |
|s 4c30c21c-dc39-36b6-b927-9a09a11fb73a
|i b8a6b28e-6b18-313b-afd3-a7e334c6496d
|t 0
|
| 952 |
f |
f |
|p ric
|a Texas A&M University
|b Rellis Campus
|c Joint Library Facility
|d Remote Storage
|t 0
|e HD8072 .T35
|h Library of Congress classification
|i unmediated -- volume
|m A14800713503
|
| 998 |
f |
f |
|a HD8072 .T35
|t 0
|l Remote Storage
|